Normal view
MARC view
Entry Topical Term
001 - CONTROL NUMBER
- control field: 54684
003 - CONTROL NUMBER IDENTIFIER
- control field: OSt
005 - DATE AND TIME OF LATEST TRANSACTION
- control field: 20250624114245.0
008 - FIXED-LENGTH DATA ELEMENTS
- fixed length control field: 250624|| aca||aabn | a|a d
040 ## - CATALOGING SOURCE
- Original cataloging agency: OSt
- Transcribing agency: OSt
150 ## - HEADING--TOPICAL TERM
- Topical term or geographic name entry element: Gender-based violence (GBV), Sexual harassment, World Health Organisation, WHO, Mental and public health
670 ## - SOURCE DATA FOUND
- Source citation: Work cat.: (OSt)526739: Goswami, Pronamika et al 54683, Cracking the code: An audit of government offices of north Goa for compliance on prevention of sexual harassment act 2013
